000 00563nam a2200193Ia 4500
003 GCL
008 140319s9999 xx 000 0 ara d
040 _aGCL /
_cGCL
082 0 4 _a823
_bو ق
100 1 _aوليامز, تينسى
245 1 0 _aقطة على نار /
_cوليامز, تينسى
700 1 _aمحمد سمير عبدالحميد
300 _a268 ص
490 _aمسرحيات عالمية
_v0
650 0 4 _aالادب
650 0 4 _aالادب الامريكى
650 0 4 _aالادب الامريكى المترجم
942 _2ddc
_cBK
999 _c40220
_d40220